| 000 | 00541nam a22001697a 4500 | ||
|---|---|---|---|
| 003 | OSt | ||
| 005 | 20140310182524.0 | ||
| 008 | 130220t xxu||||| |||| 00| 0 eng d | ||
| 020 | _a9781439060186 | ||
| 050 |
_aRA 976 _b.G795 2009 |
||
| 082 |
_aRA976 . _bG824 2011 |
||
| 245 |
_aEssentials of health information management : principles and practices _c Michelle A. Green, Mary Jo Bowie |
||
| 260 |
_aClifton Park, NY _bDelmar, Cengage Learning _c2011 |
||
| 300 |
_a369 p. ; _c28 cm. _bill. col. ; |
||
| 942 |
_2lcc _cSSLC |
||
| 999 |
_c14049 _d14049 |
||